Online
Catalog

Seguro educativo : (Record no. 20306)

MARC details
000 -CABECERA
campo de control de longitud fija 00642nam a2200169 a 4500
001 - NÚMERO DE CONTROL
campo de control 000020802
005 - FECHA Y HORA DE LA ÚLTIMA TRANSACCIÓN
campo de control 20200930011152.0
008 - DATOS DE LONGITUD FIJA--INFORMACIÓN GENERAL
campo de control de longitud fija 100817s1972 dr 000 0 spa d
040 ## - FUENTE DE LA CATALOGACIÓN
Centro catalogador/agencia de origen DO-SdBNP
Lengua de catalogación spa
Centro/agencia transcriptor BPJMB
082 ## - NÚMERO DE LA CLASIFICACIÓN DECIMAL DEWEY
Número de clasificación 378.168
Número de documento/Ítem I59s
110 2# - ENTRADA PRINCIPAL--NOMBRE DE ENTIDAD CORPORATIVA
Nombre de entidad corporativa o nombre de jurisdicción como elemento de entrada Instituto para la Formación y Aprovechamiento de Recursos Humanos
9 (RLIN) 43598
245 10 - MENCIÓN DE TÍTULO
Título Seguro educativo :
Resto del título significado y beneficios /. /
Mención de responsabilidad, etc. IFARHU.
260 ## - PUBLICACIÓN, DISTRIBUCIÓN, ETC.
Lugar de publicación, distribución, etc. Panamá :
Nombre del editor, distribuidor, etc. Instituto para la Formación y Aprovechamiento de Recursos Humanos,
Fecha de publicación, distribución, etc. 1972.
300 ## - DESCRIPCIÓN FÍSICA
Extensión 147 p. :
Otras características físicas il. ;
Dimensiones 22 cm.
650 #4 - PUNTO DE ACCESO ADICIONAL DE MATERIA--TÉRMINO DE MATERIA
Término de materia o nombre geográfico como elemento de entrada Credito educativo
Subdivisión geográfica Panamá
9 (RLIN) 43599
650 #4 - PUNTO DE ACCESO ADICIONAL DE MATERIA--TÉRMINO DE MATERIA
Término de materia o nombre geográfico como elemento de entrada Educación
Subdivisión geográfica Panamá
Subdivisión general Financiamiento
9 (RLIN) 43600

No items available.

Powered by Koha